| 000 | 00607cam a2200145 4500500 | ||
|---|---|---|---|
| 005 | 20260208005241.0 | ||
| 041 | _afre | ||
| 042 | _adc | ||
| 100 | 1 | 0 |
_aRoccati, Giovanni Matteo _eauthor |
| 245 | 0 | 0 | _aBrian Patrick McGuire, Jean Gerson and the Last Medieval Reformation, Philadelphie, The Pennsylvania State University Press, 2005, XVIII-442 p. ISBN 0-271-02707-3, 0-271-02706-1. |
| 260 | _c2007. | ||
| 500 | _a15 | ||
| 786 | 0 | _nRevue historique | 642 | 2 | 2007-06-01 | p. 379p-501p | 0035-3264 | |
| 856 | 4 | 1 | _uhttps://shs.cairn.info/revue-historique-2007-2-page-379p?lang=fr&redirect-ssocas=7080 |
| 999 |
_c1651256 _d1651256 |
||